000 00502nam a2200169Ia 4500
008 090711s9999 xx 000 0 und d
082 _b902
100 _aदाते वि. म.
245 _aभाग्यSाक्र
260 _bकल्पना बुक डिलर्स
_c1998
300 _a115
600 _aदाते वि. म.
630 _aभाग्यSाक्र
700 _aदाते वि. म.
730 _aभाग्यSाक्र
942 _cBOOK
999 _c333712
_d333712